000 003120000a22001210004500
041 0 _aSPA
082 0 4 _aAV 0102
245 1 0 _aDeclaración de CEDECOL (Consejo Evangelico de Colombia) a la Asamblea Permanente de la Sociedad Civil por la Paz
300 _a3 Pag
500 _aFolleto
001 13500
942 _cBK
999 _c42460
_d42460